| 000 | 00829nam a2200253 i 4500 | ||
|---|---|---|---|
| 001 | bg | ||
| 100 | 1 | _aSKOLIMOWSKI, Henryk. | |
| 245 | 1 | 0 |
_aNadzieja matką mądrych : _b[eseje o ekologii] / _cHenryk Skolimowski. |
| 250 | _a[Wyd.2]. | ||
| 260 |
_aŁódź : _bWydaw.Akapit Press, _c1992. |
||
| 300 |
_a177, [2] s. ; _c21 cm. |
||
| 490 | 1 |
_aBiblioteka Ery Ekologicznej Towarzystwa Przyjaciół Filozofii Ekologicznej ; _v1 |
|
| 650 | 9 |
_aFilozofia _xeseje |
|
| 650 | 9 |
_aFilozofia _xekologia |
|
| 710 | _aTowarzystwo Przyjaciół Filozofii Ekologicznej | ||
| 830 | _aBiblioteka Ery Ekologicznej Towarzystwa Przyjaciół Filozofii Ekologicznej ; | ||
| 020 | _a8390030241 | ||
| 040 | _cBPK | ||
| 041 | _apl | ||
| 080 | _a141:504.03 | ||
| 920 | _a83-900302-4-1 | ||
| 942 | _cKS | ||
| 008 | s pl f |000 0 pol | ||
| 999 |
_c30160 _d30160 |
||
| 856 |
_uhttp://koha.tu.koszalin.pl/cgi-bin/koha/opac-detail.pl?biblionumber=30160 _yKatalog online BPK |
||